Къде е столицата на картата на страната? - Statistics

General Stats
  • This quiz has been taken 51 times
  • The average score is 9 of 15
Answer Stats
Question Answer % Correct
Къде е столицата на Испания?
75%
Къде е столицата на Турция?
70%
Къде е столицата на Франция?
70%
Къде е столицата на Германия?
65%
Къде е столицата на Китай?
65%
Къде е столицата на Обединеното кралство?
65%
Къде е столицата на Индия?
60%
Къде е столицата на Австралия?
60%
Къде е столицата на Египет?
55%
Къде е столицата на Канада?
55%
Къде е столицата на Съединените щати?
50%
Къде е столицата на Япония?
50%
Къде е столицата на Швеция?
45%
Къде е столицата на Бразилия?
40%
Къде е столицата на Мароко?
35%
No matching quizzes found
Score Distribution
Percent of People with Each Score
Percentile by Number Answered
Your Score History
You have not taken this quiz